Capitales de América por código IATA - Estadísticas

Estadísticas generales
  • Esta prueba ha sido intentada 1.575 veces
    1.456 desde el último reinicio
  • La puntuación promedio es 14 de 35
Estadísticas de respuestas
Código IATA Capital % Correcto
BOG Bogotá
92%
MEX Ciudad de México
89%
ASU Asunción
82%
LIM Lima
80%
HAV La Habana
67%
GUA Ciudad de Guatemala
65%
CCS Caracas
64%
MVD Montevideo
64%
BSB Brasilia
58%
KIN Kingston
51%
SCL Santiago
51%
TGU Tegucigalpa
47%
SJO San José
45%
NAS Nassau
43%
BZE Belmopán
42%
LPB La Paz
42%
GEO Georgetown
41%
MGA Managua
41%
EZE Buenos Aires
36%
PMB Paramaribo
36%
SAL San Salvador
34%
SDQ Santo Domingo
32%
PTY Ciudad de Panamá
28%
YOW Ottawa
27%
UIO Quito
26%
PAP Puerto Príncipe
24%
DOM Roseau
22%
IAD Washington D.C.
19%
BGI Bridgetown
18%
POS Puerto España
17%
GND Saint George
14%
SLU Castries
13%
ANU Saint John's
12%
SKB Basseterre
9%
SVD Kingstown
9%
No se encontraron pruebas coincidentes
Distribución de puntuación
Porcentaje de gente con cada puntuación
Porcentaje por número respondido
Historial de tus puntuaciones
No has intentado esta prueba desde el último reinicio